THE ALL ENGLAND LAW REPORTS 2009 (Record no. 216270)
[ view plain ]
| 000 -LEADER | |
|---|---|
| fixed length control field | 00475nam a22001457a 4500 |
| 008 - FIXED-LENGTH DATA ELEMENTS--GENERAL INFORMATION | |
| fixed length control field | 251124b |||||||| |||| 00| 0 eng d |
| 020 ## - INTERNATIONAL STANDARD BOOK NUMBER | |
| International Standard Book Number | 978-81-8038-889-4 |
| 100 ## - MAIN ENTRY--PERSONAL NAME | |
| Personal name | WIDDICOMBE, KAREN |
| 245 ## - TITLE STATEMENT | |
| Title | THE ALL ENGLAND LAW REPORTS 2009 |
| 260 ## - PUBLICATION, DISTRIBUTION, ETC. | |
| Place of publication, distribution, etc. | LONDON |
| Name of publisher, distributor, etc. | LEXISNEXIS |
| Date of publication, distribution, etc. | 2009 |
| 300 ## - PHYSICAL DESCRIPTION | |
| Extent | XVII, 1260P. |
| 650 ## - SUBJECT ADDED ENTRY | |
| Topical term or geographic name entry element | 1.LAW REPORTS, DIGESTS ETC -ENGLAND AND WALES 2. LAW -ENGLAND AND WALES -CASES 3. COURTS -ENGLAND AND WALES |
| 942 ## - ADDED ENTRY ELEMENTS (KOHA) | |
| Source of classification or shelving scheme | Library of Congress Classification |
| Koha item type | Reference |
| Withdrawn status | Lost status | Source of classification or shelving scheme | Damaged status | Not for loan | Collection | Home library | Current library | Shelving location | Date acquired | Inventory number | Total checkouts | Full call number | Barcode | Date last seen | Copy number | Price effective from | Koha item type |
|---|---|---|---|---|---|---|---|---|---|---|---|---|---|---|---|---|---|
| Library of Congress Classification | Law | Kisii University Library | Kisii University Library | On Display | 11/24/2025 | 110067 | KD 288 .A45 V.4 2009 | 000000002087 | 11/24/2025 | C.1 | 11/24/2025 | Reference | |||||
| Library of Congress Classification | Law | Kisii University Library | Kisii University Library | On Display | 11/24/2025 | 110068 | KD 288 .A45 V.4 2009 | 000000002088 | 11/24/2025 | C.2 | 11/24/2025 | Reference | |||||
| Library of Congress Classification | Law | Kisii University Library | Kisii University Library | On Display | 11/24/2025 | 110069 | KD 288 .A45 V.4 2009 | 000000002089 | 11/24/2025 | C.3 | 11/24/2025 | Reference | |||||
| Library of Congress Classification | Law | Kisii University Library | Kisii University Library | On Display | 11/24/2025 | 110070 | KD 288 .A45 V.4 2009 | 000000002090 | 11/24/2025 | C.4 | 11/24/2025 | Reference |